000 00685nam a2200217Ii 4500
003 JO-AjNU
008 230605s9999||||xx |||||||||||||| ||und||
017 _a1427/6692
040 _aJO-AjNU
_bara
_erda
_cJO-AjNU
041 _aara
050 1 4 _aZ665 2007
100 3 _aتحرير هانسون، تيري، جان داي ,
_eauthor
_927797
245 0 0 _aالقرص المدمج في المكتبات قضاياي ادارية
250 _aط2
264 3 1 _aالرياض ،2007
300 _a408ص
336 _atext
_btxt
_2rdacontent
337 _aunmediated
_bn
_2rdamedia
338 _avolume
_bnc
_2rdacarrier
650 4 _aالقرص المدمج-المكتبات
_927798
999 _aA10705
_c14273
_d14273